Soustavy reálných vrtů /

Hlavní autor: Pech, Pavel, 1955-
Korporativní autor: Česká zemědělská univerzita v Praze. Lesnická a environmentální fakulta
Jazyk: Čeština
Vydáno: Praha : Česká zemědělská univerzita v Praze, 2005
Vydání: Vyd. 1.
Témata:
Fyzický popis: 46 s. : il. ; 22 cm
Knihy
Uloženo v:
LEADER 01376nam a2200397 a 4500
001 000767721
003 CZ BrMZK
005 20050620103923.0
007 ta
008 050322s2005 xr a fr 000 0 cze d
015 |a cnb001493072 
020 |a 80-213-1266-1  |q (brož.) 
035 |a (OCoLC)85132105 
040 |a BOA001  |b cze 
072 7 |a 556  |x Hydrologie  |2 Konspekt  |9 7 
080 |a 556.3  |2 MRF 
080 |a 556.013  |2 MRF 
080 |a 550.822  |2 MRF 
080 |a (048.8)  |2 MRF 
100 1 |a Pech, Pavel,  |d 1955-  |7 mzk2005274987  |4 aut 
245 1 0 |a Soustavy reálných vrtů /  |c Pavel Pech 
250 |a Vyd. 1. 
260 |a Praha :  |b Česká zemědělská univerzita v Praze,  |c 2005 
300 |a 46 s. :  |b il. ;  |c 22 cm 
500 |a Nad názvem: Česká zemědělská univerzita v Praze, Fakulta lesnická a environmentální 
500 |a 100 výt. 
504 |a Obsahuje bibliografii 
650 0 7 |a hydrogeologie  |7 ph120972  |2 czenas 
650 0 7 |a hydrologické modely  |7 ph194818  |2 czenas 
650 0 7 |a průzkumné vrty  |7 ph124764  |2 czenas 
655 7 |a studie  |7 fd133597  |2 czenas 
710 2 |a Česká zemědělská univerzita v Praze.  |b Lesnická a environmentální fakulta  |7 ko2005275481 
910 |a BOA001  |b 2-1150.134 
990 |a BK 
991 |b 200506  |c NOV 
996 6 |b 2610249323  |c 2-1150.134  |l MZK  |r Sklad / do 1 hodiny  |n 1  |p p.v.  |w 000767721  |u 000010  |a 1  |e BOA001  |j MZK50  |s P